|
|
|
|
| LEADER |
00000nam0a2200000 4500 |
| 001 |
45456 |
| 005 |
20231101210943.0 |
| 010 |
|
|
|a 5352001296
|
| 035 |
|
|
|a (RuTPU)RU\TPU\book\47268
|
| 090 |
|
|
|a 45456
|
| 100 |
|
|
|a 20021210d2001 m y0rusy50 ca
|
| 101 |
1 |
|
|a rus
|c ger
|
| 102 |
|
|
|a RU
|
| 105 |
|
|
|a y z 000ay
|
| 200 |
1 |
|
|a Казанова исправляется
|e Рассказы
|e пер. с нем.
|f Г. Гессе
|
| 210 |
|
|
|a СПб.
|c Азбука-классика
|d 2001
|
| 215 |
|
|
|a 320 с.
|
| 610 |
1 |
|
|a рассказы
|
| 610 |
1 |
|
|a юмор
|
| 610 |
1 |
|
|a воспоминания
|
| 610 |
1 |
|
|a проза
|
| 610 |
1 |
|
|a философские проблемы
|
| 675 |
|
|
|a 83
|v 3
|
| 700 |
|
1 |
|a Гессе
|b Г.
|c немецкий писатель
|c мастер психологического символизма
|f 1877-1962
|g Герман
|2 stltpush
|3 (RuTPU)RU\TPU\pers\12868
|4 070
|9 3688
|
| 801 |
|
1 |
|a RU
|b 63413507
|c 20021210
|g PSBO
|
| 801 |
|
2 |
|a RU
|b 63413507
|c 20220603
|g PSBO
|
| 942 |
|
|
|c BK
|